000 00402nam a2200157Ia 4500
008 230917s9999||||xx |||||||||||||| ||und||
040 _e36513
_aMAIN
041 _aEnglish
082 _a954.01 C392A
100 _aChattopadhyay, Bhaskar
245 0 _aAge of Kushanas: A numismatic study
250 _a2nd ed.
260 _aCalcutta
_bPunthi Pustak
_c1979
300 _axxxiii, 272 p.
942 _cBK
999 _c226159
_d226159